|
|
|
|
| LEADER |
00952nab a2200277 i 4500 |
| 001 |
publ15871 |
| 005 |
20190628100500.0 |
| 008 |
190628s2019 hu o 0|| angol d |
| 022 |
|
|
|a 0039-128X
|
| 024 |
7 |
|
|a 10.1016/j.steroids.2019.02.016
|2 doi
|
| 024 |
7 |
|
|a 30672538
|2 mtmt
|
| 040 |
|
|
|a SZTE Publicatio Repozitórium
|b hun
|
| 041 |
|
|
|a angol
|
| 100 |
1 |
|
|a Kiss Anita
|
| 245 |
1 |
0 |
|a Stereoselective Synthesis of New Type of Estradiol Hybrid Molecules and their Antiproliferative Activities
|h [elektronikus dokumentum] /
|c Kiss Anita
|
| 260 |
|
|
|c 2019
|
| 300 |
|
|
|a 63-72
|
| 490 |
0 |
|
|a STEROIDS
|v 148
|
| 700 |
0 |
1 |
|a Wölfling János
|e aut
|
| 700 |
0 |
1 |
|a Mernyák Erzsébet
|e aut
|
| 700 |
0 |
2 |
|a Nagyné Frank Éva
|e aut
|
| 700 |
0 |
2 |
|a Gyovai András
|e aut
|
| 700 |
0 |
2 |
|a Kulmány Ágnes Erika
|e aut
|
| 700 |
0 |
2 |
|a Zupkó István
|e aut
|
| 700 |
0 |
2 |
|a Schneider Gyula
|e aut
|
| 856 |
4 |
0 |
|u http://publicatio.bibl.u-szeged.hu/15871/1/206_Steroids_2019.pdf
|z Dokumentum-elérés
|